[Event "Wch Rapid"]
[Site "Riadh"]
[Date "2017.12.28"]
[Round "12"]
[White "Al Bargi, Hassan M"]
[Black "Al Habeeb, Emad"]
[Result "0-1"]
[WhiteElo "1579"]
[BlackElo "1933"]
[PlyCount "59"]
[EventDate "2017.12.26"]
[EventType "swiss (rapid)"]
[EventRounds "15"]
[EventCountry "SAU"]
[SourceTitle "CBM 182 Extra"]
[Source "ChessBase"]
[SourceDate "2018.02.23"]
[SourceVersion "1"]
[SourceVersionDate "2018.02.23"]
[SourceQuality "1"]

1. d4 Nf6 2. Bf4 c5 3. d5 d6 4. c4 g6 5. Nc3 Bg7 6. e4 0-0 7. Nf3 Qa5 8. Qd2 Bg4 9. Be2 Bxf3 10. Bxf3 Na6 11. Bh6 Qb4 12. Bxg7 Kxg7 13. Be2 Nd7 14. f4 Qb6 15. Bg4 Nf6 16. h3 Qd8 17. e5 Ng8 18. 0-0-0 Rb8 19. Rde1 Nc7 20. f5 dxe5 21. Rxe5 b5 22. Be2 Qd6 23. Qe3 bxc4 24. Bxc4 Rb4 25. b3 a6 26. Rf1 Rb7 27. fxg6 hxg6 28. h4 Nb5 29. Kb1 Na3+ 30. Kc1 0-1

[Event "Wch Rapid"]
[Site "Riadh"]
[Date "2017.12.27"]
[Round "7"]
[White "Miswadah, Baha"]
[Black "Al Bargi, Hassan M"]
[Result "1-0"]
[WhiteElo "1877"]
[BlackElo "1579"]
[PlyCount "75"]
[EventDate "2017.12.26"]
[EventType "swiss (rapid)"]
[EventRounds "15"]
[EventCountry "SAU"]
[SourceTitle "CBM 182 Extra"]
[Source "ChessBase"]
[SourceDate "2018.02.23"]
[SourceVersion "1"]
[SourceVersionDate "2018.02.23"]
[SourceQuality "1"]

1. e4 d5 2. exd5 Qxd5 3. Nc3 Qd8 4. d4 Nf6 5. Nf3 Bg4 6. h3 Bxf3 7. Qxf3 c6 8. Be3 e6 9. 0-0-0 Bd6 10. Bg5 Nbd7 11. Bd3 Qa5 12. Bd2 0-0-0 13. Kb1 Qc7 14. Rhe1 Nb6 15. Ne4 Nxe4 16. Bxe4 Nd5 17. g3 h6 18. a3 Qb6 19. c4 Bxa3 20. Qxa3 Nf6 21. Ba5 Qa6 22. Bxd8 Qxa3 23. bxa3 Nxe4 24. Rxe4 Rxd8 25. Kc2 Kc7 26. Kc3 Kd6 27. c5+ Ke7 28. Rb1 Rd7 29. a4 a5 30. h4 Kf6 31. g4 g5 32. h5 Ke7 33. Kc4 Kd8 34. Re2 Kc8 35. Rb3 Kd8 36. Reb2 Kc8 37. Rf3 Kd8 38. Rf6 1-0

[Event "Wch Rapid"]
[Site "Riadh"]
[Date "2017.12.26"]
[Round "5"]
[White "Alem, Ali Hussien"]
[Black "Al Bargi, Hassan M"]
[Result "0-1"]
[WhiteElo "1745"]
[BlackElo "1579"]
[PlyCount "96"]
[EventDate "2017.12.26"]
[EventType "swiss (rapid)"]
[EventRounds "15"]
[EventCountry "SAU"]
[SourceTitle "CBM 182 Extra"]
[Source "ChessBase"]
[SourceDate "2018.02.23"]
[SourceVersion "1"]
[SourceVersionDate "2018.02.23"]
[SourceQuality "1"]

1. e4 d5 2. e5 c5 3. c3 Nc6 4. d4 Bf5 5. Nf3 e6 6. dxc5 Bxc5 7. b4 Bb6 8. a4 Bc7 9. Bf4 Nge7 10. Na3 Ng6 11. Bg5 Qd7 12. Be2 Ngxe5 13. Nd4 Bg6 14. Ndb5 Bd8 15. Be3 0-0 16. f4 a6 17. Bc5 Be7 18. fxe5 Bxc5 19. bxc5 axb5 20. Bxb5 Qe7 21. Qe2 Qxc5 22. c4 d4 23. Bxc6 bxc6 24. 0-0 d3+ 25. Qf2 Qxe5 26. Rfe1 Qd6 27. Nb1 Qb4 28. Nd2 Rxa4 29. Rxa4 Qxa4 30. Qf3 Qc2 31. Rd1 Qa4 32. Kf1 h6 33. Ke1 Rd8 34. Rb1 c5 35. h4 Qd7 36. h5 Bf5 37. g4 Bh7 38. Rb7 Qe8 39. Rc7 e5 40. Rxc5 e4 41. Qe3 Qe7 42. g5 hxg5 43. Rxg5 f6 44. Rg4 f5 45. Rg5 Rf8 46. h6 g6 47. Qf4 e3 48. c5 exd2+ 0-1